[Event "Oyri Rokur op"]
[Site "Oyri"]
[Date "2015.01.16"]
[Round "1"]
[White "Nielsen, Rogvi Egilstoft"]
[Black "Johannesen, Gutti"]
[Result "1-0"]
[WhiteElo "2291"]
[BlackElo "1041"]
[PlyCount "29"]
[EventDate "2015.01.16"]
[EventType "swiss"]
[EventRounds "5"]
[EventCountry "FAI"]
[SourceTitle "CBM 164 Extra"]
[Source "ChessBase"]
[SourceDate "2015.03.02"]
[SourceVersion "1"]
[SourceVersionDate "2015.03.02"]
[SourceQuality "1"]

1. e4 e5 2. d4 d6 3. Bc4 Nf6 4. Nf3 Nc6 5. Ng5 Qe7 6. Bxf7+ Kd8 7. Bb3 Nxd4 8. Nf7+ Ke8 9. Nxh8 Nxb3 10. axb3 Bg4 11. f3 Be6 12. Nc3 g6 13. Bg5 Bg7 14. Nxg6 hxg6 15. h4 1-0